000 00386nam a2200145Ia 4500
008 230312s9999||||xx |||||||||||||| ||und||
020 _a818431275X
082 _a539
_bBAK-F
100 _aBakshi, U.A
245 0 _aField theory
260 _bTechnical
_aPune
_c2007
546 _aEng.
650 _aEngineering
_vVector analysis, Electric flux density, Energy and potentials
942 _cBK
999 _c1777
_d1777